| 000 | 00528nam a22001937a 4500 | ||
|---|---|---|---|
| 003 | BUBTL | ||
| 008 | 170218b xxu||||| |||| 00| 0 eng d | ||
| 020 | _a0-900739-19-3 | ||
| 082 | _a677BOT | ||
| 100 |
_91051 _aBooth,J.E. |
||
| 245 | _aTextile Mathematics Vol-2 | ||
| 260 |
_aManchester _bThe Textile Institute _cc1975 |
||
| 300 |
_a376p. _bills. _c21cm. |
||
| 650 | 0 |
_91053 _aTextile Engineering |
|
| 700 |
_91052 _aBooth,J.E. |
||
| 856 |
_k0 _l0 _yDownload |
||
| 942 |
_2ddc _cBK |
||
| 999 |
_c5423 _d5423 |
||